| 000 | 00711nam a22002297a 4500 | ||
|---|---|---|---|
| 005 | 20251108173612.0 | ||
| 008 | 250721s2002 xx 000 0 ara d | ||
| 020 | _a9772706032 | ||
| 082 | 1 | 4 | _aط/631.5/أبا |
| 100 | 1 | _aالأباصيري، تهاني | |
| 245 | 1 | 0 | _aقصب السكر يستغيث / |
| 264 | 1 |
_aالقاهره : _bالدار المصرية اللبنانية، _c2002. |
|
| 300 | _a15ص. | ||
| 490 | 0 |
_aالمكتبة الزراعية _v5 |
|
| 650 | 1 | 7 | _aالنباتات |
| 650 | 1 | 7 | _aالزراعة |
| 650 | 1 | 7 | _aالفواكه |
| 653 | _aأطفال مرحلة متوسطة (6-9) سنوات | ||
| 700 | 1 |
_aقطب، محمد _eرسام |
|
| 942 |
_2ddc _cBK |
||
| 999 |
_c107872 _d107872 |
||